Blastomicosis pulmonar : (Registro nro. 60117)
[ vista simple ]
| 000 -CABECERA | |
|---|---|
| campo de control de longitud fija | 01506nab a2200289 i 4500 |
| 003 - IDENTIFICADOR DEL NÚMERO DE CONTROL | |
| campo de control | DO-SdBNP |
| 005 - FECHA Y HORA DE LA ÚLTIMA TRANSACCIÓN | |
| campo de control | 20260116143125.0 |
| 007 - CAMPO FIJO DE DESCRIPCIÓN FÍSICA--INFORMACIÓN GENERAL | |
| campo de control de longitud fija | ta |
| 008 - DATOS DE LONGITUD FIJA--INFORMACIÓN GENERAL | |
| campo de control de longitud fija | 260116e2025 dr ao||fr|||||||| ||spa d |
| 022 ## - NÚMERO INTERNACIONAL NORMALIZADO PARA PUBLICACIONES SERIADAS | |
| Número Internacional Normalizado para Publicaciones Seriadas | 3060-9593 |
| 040 ## - FUENTE DE LA CATALOGACIÓN | |
| Centro catalogador/agencia de origen | DO-SdBNP |
| Lengua de catalogación | spa |
| Centro/agencia transcriptor | BNPHU |
| Normas de descripción | rda |
| 041 ## - CÓDIGO DE LENGUA | |
| Código de lengua del texto/banda sonora o título independiente | spa |
| 245 ## - MENCIÓN DE TÍTULO | |
| Título | Blastomicosis pulmonar : |
| Resto del título | la lucha en los pulmones contra un hongo silencioso; a propósito de un caso. |
| 250 ## - MENCIÓN DE EDICIÓN | |
| Mención de edición | Cuarta edición. |
| 264 ## - PRODUCCIÓN, PUBLICACIÓN, DISTRIBUCIÓN, FABRICACIÓN Y COPYRIGHT | |
| Producción, publicación, distribución, fabricación y copyright | Santiago de los Caballeros, República Dominicana : |
| Nombre del de productor, editor, distribuidor, fabricante | Clínica Universitaria Unión Médica del Norte, |
| Fecha de producción, publicación, distribución, fabricación o copyright | 2025. |
| 300 ## - DESCRIPCIÓN FÍSICA | |
| Extensión | volumen : |
| Otras características físicas | ilustraciones, fotografías ; |
| Dimensiones | 27 cm. |
| 310 ## - PERIODICIDAD ACTUAL | |
| Periodicidad actual | Anual. |
| 336 ## - TIPO DE CONTENIDO | |
| Término de tipo de contenido | texto |
| Código de tipo de contenido | txt |
| Fuente | rdacontent |
| 337 ## - TIPO DE MEDIO | |
| Nombre/término del tipo de medio | sin mediación |
| Código del tipo de medio | n |
| Fuente | rdamedia |
| 338 ## - TIPO DE SOPORTE | |
| Nombre/término del tipo de soporte | volumen |
| Código del tipo de soporte | nc |
| Fuente | rdacarrier |
| 362 ## - FECHAS DE PUBLICACIÓN Y/O DESIGNACIÓN SECUENCIAL | |
| Fecha de publicación y/o designación secuencial | Vol 2. No. 2. Enero-Diciembre 2025. |
| 520 ## - SUMARIO, ETC. | |
| Sumario, etc. | La blastomicosis pulmonar es una infección fúngica poco frecuente cauda por Blastomyces dermatitidis, endémica en ciertas regiones de América del Norte y habitualmente asociada a inmunosupresión. Su presentación en individuos inmunocompetentes y fuera de zonas endémicas constituye un desafío diagnostico considerable. |
| 650 #0 - PUNTO DE ACCESO ADICIONAL DE MATERIA--TÉRMINO DE MATERIA | |
| Término de materia o nombre geográfico como elemento de entrada | Blastomicosis |
| Subdivisión general | Enfermedades pulmonal |
| Subdivisión de forma | Publicaciones periódicas |
| 9 (RLIN) | 88885 |
| 650 #0 - PUNTO DE ACCESO ADICIONAL DE MATERIA--TÉRMINO DE MATERIA | |
| Término de materia o nombre geográfico como elemento de entrada | Micosis pulmonal |
| Subdivisión general | Enfermedades pulmonal |
| Subdivisión de forma | Publicaciones periódicas |
| 9 (RLIN) | 88886 |
| 773 0# - ENLACE AL DOCUMENTO FUENTE/ENTRADA DE REGISTRO ANFITRIÓN | |
| Número bibliográfico anfitrión | 58073 |
| Número de ítem anfitrión | 333907 |
| Encabezamiento principal | Unión Médica del Norte |
| Edición | Tercera edición, diciembre 2024. |
| Otro identificador del documento | 2026-0097 |
| Título | Revista médico-científica / |
| Número Internacional Normalizado para Publicaciones Seriadas | 3060-9593 |
| 942 ## - ELEMENTOS DE PUNTO DE ACCESO ADICIONAL (KOHA) | |
| Fuente del sistema de clasificación o colocación | Dewey Decimal Classification |
| Tipo de ítem Koha | Publicación periódica |
No hay ítems disponibles.
